King Lear / (Record no. 234751)

000 -LEADER
fixed length control field 01775cam a2200433 a 4500
001 - CONTROL NUMBER
control field 2387507
003 - CONTROL NUMBER IDENTIFIER
control field Nust
005 - DATE AND TIME OF LATEST TRANSACTION
control field 20170330123659.0
008 - FIXED-LENGTH DATA ELEMENTS--GENERAL INFORMATION
fixed length control field 850926s1986 nyu 000 0 eng
010 ## - LIBRARY OF CONGRESS CONTROL NUMBER
LC control number 85022951
020 ## - INTERNATIONAL STANDARD BOOK NUMBER
International Standard Book Number 9780141012292 (pbk.)
040 ## - CATALOGING SOURCE
Original cataloging agency DLC
Transcribing agency DLC
Modifying agency DLC
042 ## - AUTHENTICATION CODE
Authentication code lcac
050 00 - LIBRARY OF CONGRESS CALL NUMBER
Classification number PR2819.A25
Item number D87 1986
082 00 - DEWEY DECIMAL CLASSIFICATION NUMBER
Classification number 822.33
Author Mark SHA
100 1# - MAIN ENTRY--PERSONAL NAME
Personal name Shakespeare, William,
Dates associated with a name 1564-1616.
245 10 - TITLE STATEMENT
Title King Lear /
Statement of responsibility, etc. edited and rendered into modern English by Alan Durband.
250 ## - EDITION STATEMENT
Edition statement 1st U.S. ed.
260 ## - PUBLICATION, DISTRIBUTION, ETC.
Place of publication, distribution, etc. Woodbury, N.Y. :
Name of publisher, distributor, etc. Barron's,
Date of publication, distribution, etc. 1986.
300 ## - PHYSICAL DESCRIPTION
Extent 278 p. ;
Dimensions 19 cm.
490 1# - SERIES STATEMENT
Series statement Shakespeare made easy
520 ## - SUMMARY, ETC.
Summary, etc. Presents the original text of Shakespeare's play side by side with a modern version, discusses the author and the theater of his time, and provides quizzes and other study activities.
600 10 - SUBJECT ADDED ENTRY--PERSONAL NAME
Personal name Shakespeare, William,
Dates associated with a name 1564-1616
General subdivision Outlines, syllabi, etc.
600 00 - SUBJECT ADDED ENTRY--PERSONAL NAME
Personal name Lear,
Titles and other words associated with a name King of England (Legendary character)
Form subdivision Drama.
600 11 - SUBJECT ADDED ENTRY--PERSONAL NAME
Personal name Shakespeare, William,
Dates associated with a name 1564-1616.
Title of a work King Lear.
600 11 - SUBJECT ADDED ENTRY--PERSONAL NAME
Personal name Shakespeare, William,
Dates associated with a name 1564-1616
General subdivision Criticism and interpretation.
650 #0 - SUBJECT ADDED ENTRY--TOPICAL TERM
Topical term or geographic name entry element Inheritance and succession
Form subdivision Drama.
650 #0 - SUBJECT ADDED ENTRY--TOPICAL TERM
Topical term or geographic name entry element Fathers and daughters
Form subdivision Drama.
650 #0 - SUBJECT ADDED ENTRY--TOPICAL TERM
Topical term or geographic name entry element Kings and rulers
Form subdivision Drama.
650 #0 - SUBJECT ADDED ENTRY--TOPICAL TERM
Topical term or geographic name entry element Aging parents
Form subdivision Drama.
650 #0 - SUBJECT ADDED ENTRY--TOPICAL TERM
Topical term or geographic name entry element Britons
Form subdivision Drama.
650 #1 - SUBJECT ADDED ENTRY--TOPICAL TERM
Topical term or geographic name entry element Plays.
650 #1 - SUBJECT ADDED ENTRY--TOPICAL TERM
Topical term or geographic name entry element English literature
General subdivision History and criticism.
655 #7 - INDEX TERM--GENRE/FORM
Genre/form data or focus term Tragedies.
Source of term gsafd
700 1# - ADDED ENTRY--PERSONAL NAME
Personal name Durband, Alan.
800 1# - SERIES ADDED ENTRY--PERSONAL NAME
Personal name Shakespeare, William,
Dates associated with a name 1564-1616.
Title of a work Shakespeare made easy.
856 42 - ELECTRONIC LOCATION AND ACCESS
Materials specified Publisher description
Uniform Resource Identifier <a href="http://www.loc.gov/catdir/enhancements/fy0630/85022951-d.html">http://www.loc.gov/catdir/enhancements/fy0630/85022951-d.html</a>
906 ## - LOCAL DATA ELEMENT F, LDF (RLIN)
a 7
b cbc
c orignew
d 1
e ocip
f 19
g y-gencatlg
942 ## - ADDED ENTRY ELEMENTS (KOHA)
Source of classification or shelving scheme
Koha item type Book
Holdings
Withdrawn status Lost status Source of classification or shelving scheme Damaged status Not for loan Permanent Location Current Location Shelving location Date acquired Total Checkouts Full call number Barcode Date last seen Date last checked out Copy number Price effective from Koha item type
          Central Library (CL) Central Library (CL) Fiction 03/30/2017 1 822.33 SHA CL1254 02/09/2026 01/27/2026 1 03/30/2017 Book
© 2023 Central Library, National University of Sciences and Technology. All Rights Reserved.